Sports Quiz

Random Sports or Soccer Quiz

Premier League Clubs' Last 5 Managers Quiz Stats

 Plays Quiz Updated Jun 10, 2019

Score 0/100 Timer 15:00
23 Plays Today
Club Manager % Correct
ArsenalArsène Wenger
97.3%
ChelseaJosé Mourinho
94.1%
Manchester UnitedJosé Mourinho
93.7%
LiverpoolJürgen Klopp
90.4%
EvertonDavid Moyes
89%
Manchester UnitedSir Alex Ferguson
88.9%
Manchester UnitedDavid Moyes
88.7%
LiverpoolRafael Benítez
87.1%
Newcastle UnitedRafael Benítez
87%
ChelseaAntonio Conte
86.6%
Manchester CityPep Guardiola
85.5%
Leicester CityBrendan Rodgers
85.1%
FulhamClaudio Ranieri
84.9%
Manchester UnitedLouis van Gaal
82.6%
Leicester CityClaudio Ranieri
82.1%
LiverpoolBrendan Rodgers
80.3%
Tottenham HotspurMauricio Pochettino
78.9%
Crystal PalaceSam Allardyce
78.7%
West Ham UnitedSam Allardyce
78.6%
Crystal PalaceRoy Hodgson
78.4%
BournemouthEddie Howe
78%
BournemouthEddie Howe
78%
BurnleyEddie Howe
77.7%
Manchester CityMark Hughes
77.7%
Manchester CityManuel Pellegrini
76.3%
SouthamptonRonald Koeman
74.5%
EvertonRonald Koeman
74.3%
ArsenalDon Howe
74.1%
Manchester CityRoberto Mancini
72.8%
Crystal PalaceAlan Pardew
72.8%
Newcastle UnitedAlan Pardew
72.8%
LiverpoolRoy Hodgson
71.2%
BurnleySean Dyche
70.5%
ChelseaMaurizio Sarri
69.1%
Club Manager % Correct
EvertonRoberto Martinez
68.6%
Tottenham HotspurHarry Redknapp
65.3%
SouthamptonClaude Puel
65%
Leicester CityCraig Shakespeare
64%
ChelseaRoberto Di Matteo
63.3%
ChelseaAndré Villas-Boas
63.2%
Tottenham HotspurAndré Villas-Boas
63.1%
Brighton & Hove AlbionChris Hughton
63%
Newcastle UnitedChris Hughton
62.9%
Cardiff CityMalky Mackay
62.9%
LiverpoolKenny Dalglish
62.6%
SouthamptonMauricio Pellegrino
62.4%
Wolverhampton WanderersNuno Espírito Santo
61.9%
West Ham UnitedSlaven Bilić
61.7%
Wolverhampton WanderersPaul Lambert
60.7%
FulhamScott Parker
60.1%
Cardiff CityPaul Trollope
58.8%
Cardiff CityRussell Slade
58.2%
Huddersfield TownDavid Wagner
56.1%
ArsenalGeorge Graham
53.6%
West Ham UnitedDavid Moyes
52.9%
WatfordMarco Silva
52.6%
Leicester CityNigel Pearson
49.8%
West Ham UnitedManuel Pellegrini
47.3%
Manchester UnitedOle Gunnar Solskjær
46.7%
Tottenham HotspurTim Sherwood
46.3%
EvertonSam Allardyce
45.5%
EvertonMarco Silva
45.3%
Leicester CityClaude Puel
42.9%
SouthamptonMark Hughes
42.8%
FulhamSlaviša Jokanović
40.6%
FulhamFelix Magath
39%
Crystal PalaceNeil Warnock
37%
ArsenalBruce Rioch
35.8%
Club Manager % Correct
FulhamKit Symons
35.2%
Manchester CitySven-Göran Eriksson
34.9%
Crystal PalaceFrank De Boer
34.7%
West Ham UnitedAvram Grant
33.3%
Brighton & Hove AlbionGraham Potter
32.6%
Tottenham HotspurJuande Ramos
31.8%
Cardiff CityNeil Warnock
31%
ArsenalUnai Emery
29.6%
WatfordQuique Sánchez Flores
29.1%
Newcastle UnitedSteve McClaren
27.1%
Brighton & Hove AlbionGus Poyet
26%
WatfordWalter Mazzarri
25.4%
Huddersfield TownJan Siewert
22.9%
BurnleyOwen Coyle
21.5%
WatfordSlaviša Jokanović
20.5%
Newcastle UnitedJoe Kinnear
19.4%
WatfordJavi Gracia
17.8%
Wolverhampton WanderersKenny Jackett
17.3%
Cardiff CityOle Gunnar Solskjær
16.3%
Wolverhampton WanderersDean Saunders
15.6%
SouthamptonRalph Hasenhüttl
15%
Brighton & Hove AlbionÓscar García
14.7%
Wolverhampton WanderersWalter Zenga
11.5%
Brighton & Hove AlbionSami Hyypiä
11.3%
BurnleyBrian Laws
10.2%
Huddersfield TownChris Powell
7.8%
Huddersfield TownSimon Grayson
7.7%
BurnleySteve Cotterill
5.8%
Huddersfield TownMark Robins
5.1%
BournemouthLee Bradbury
3.2%
BournemouthJimmy Quinn
3%
BournemouthPaul Groves
2.3%

You're not logged in!

Compare scores with friends on all Sporcle quizzes.
OR
Log In

Show Comments

Extras

Top Quizzes Today


Score Distribution

Your Account Isn't Verified!

In order to create a playlist on Sporcle, you need to verify the email address you used during registration. Go to your Sporcle Settings to finish the process.

Report this User

Report this user for behavior that violates our Community Guidelines.

Details: